Statistics for Countries with embassies and consulates in Niger

Click here to take the quiz!

General Stats

  • This quiz has been taken 28 times
  • The average score is 18 of 24

Answer Stats

ContinentCountry% Correct
EuropeFrance
100%
AfricaNigeria
96%
North AmericaUnited States of America
96%
Asia/ EuropeTurkey
91%
AfricaAlgeria
87%
EuropeGermany
87%
AfricaEgypt
83%
EuropeBelgium
78%
North AmericaCuba
78%
AfricaLibya
78%
AfricaMali
78%
AfricaMorocco
78%
EuropeSpain
78%
AsiaChina
74%
AfricaBurkina Faso
70%
AfricaChad
70%
AsiaIndia
70%
AfricaSouth Africa
70%
AfricaBenin
65%
AfricaMauritania
61%
AsiaIran
52%
AsiaSaudi Arabia
48%
AsiaPakistan
35%
EuropeLuxembourg
30%

Score Distribution

Percentile by Number Answered

Percent of People with Each Score

Your Score History

You have not taken this quiz